000 00345nam a2200145Ia 4500
008 090124s9999 xx 000 0 und d
082 _b300846
245 _a जाग
250 _a1
260 _bभारद्वाज मंदाकिनी
_c1982
300 _a212
630 _a जाग
730 _a जाग
942 _cBOOK
999 _c190400
_d190400